| 000 | 00685nam a22001697a 4500 | ||
|---|---|---|---|
| 082 |
_a297.122 _bSID |
||
| 100 | _aSiddiqi, Dr. Muhammad Mian | ||
| 245 |
_aFarhang Istilahaat-e-Quran/ _c Dr. Muhammad Mian Siddiqi |
||
| 260 |
_aIslamabad: _bMuqtadra Qaumi Zaban, Pakistan, _c2003. |
||
| 300 |
_a207p. : _c27cm. |
||
| 563 | _aHB | ||
| 650 |
_aQuran – Terminology _9129456 |
||
| 880 |
_6100-01\(3\r _aڈاکٹر محمد میاں صدیقی |
||
| 880 |
_6245-02\(3\r _aفرہنگِ اصطلاحاتِ قرآن/ _bڈاکٹر محمد میاں صدیقی |
||
| 880 |
_6260-03\(3\r _aاسلام آباد: _bمقتدرہ قومی زبان، پاکستان, _c2003. |
||
| 942 |
_2ddc _cBK |
||
| 999 |
_c614130 _d614130 |
||